000 00816nam a2200229 4500
001 144909
003 ES-MaACL
005 20250808232831.0
007 t|
008 070214s1968 sp r ||||1| spa d
080 _a347.65(02)
100 1 _aSimó Santonja, Vicente L.
_9106502
245 1 0 _aDerecho sucesorio comparado
_b: conflictos de leyes en materia de sucesiones /
_cVicente L. Simó Santonja ; prólogo de Juan Vallet de Goytisolo.
260 _aMadrid :
_bTecnos,
_c1968.
300 _a694 p. ;
_c21 cm.
490 1 _aBiblioteca Tecnos de Estudios Jurídicos
650 7 _aHerencias y sucesiones
_2embne
_9135883
700 1 _aVallet de Goytisolo, Juan B.
_9112906
830 0 _aBiblioteca Tecnos de Estudios Jurídicos
_9181636
852 _aES-MaACL
_jC-34646
_bR.67190
999 _c144909
_d144909